000 00294nam a2200121Ia 4500
005 20251222140106.0
008 251222s1900||||xx |||||||||||||| ||spa||
082 _a190/H27
100 _aHawkins, D.J.B.
245 0 _aProblemas Cruciales de la FilosofĂ­a Moderna
264 _bRialp
942 _cLIB
999 _c4111
_d4111